Read to enjoy / (Record no. 8023)
[ view plain ]
| 000 -LEADER | |
|---|---|
| fixed length control field | 00646cam a22002411i 4500 |
| 001 - CONTROL NUMBER | |
| JCCL Control Number | 8023 |
| 003 - CONTROL NUMBER IDENTIFIER | |
| JCCL marc code | BD-JhCC |
| 005 - DATE AND TIME OF LATEST TRANSACTION | |
| control field | 20181204093839.0 |
| 008 - FIXED-LENGTH DATA ELEMENTS--GENERAL INFORMATION | |
| fixed length control field | 911112s1954 enk 00010 eng d |
| 035 ## - SYSTEM CONTROL NUMBER | |
| system control number | (BD-JhCC)8023 |
| 035 ## - SYSTEM CONTROL NUMBER | |
| system control number | 2378173 |
| 040 ## - CATALOGING SOURCE | |
| Original cataloging agency | ANL |
| Modifying agency | ANL |
| -- | BD-JhCC |
| 041 ## - LANGUAGE CODE | |
| Language code of Book | eng |
| 082 ## - DEWEY DECIMAL CLASSIFICATION NUMBER | |
| Author mark and Year | RID 1954 |
| 100 1# - MAIN ENTRY--PERSONAL NAME | |
| Personal name | Ridout, Ronald, |
| Dates associated with a name | 1916- |
| 245 10 - TITLE STATEMENT | |
| Title | Read to enjoy / |
| Statement of responsibility, etc | Ronald Ridout, illus. by Vera Jarman. |
| 260 ## - PUBLICATION, DISTRIBUTION, ETC. (IMPRINT) | |
| Place of publication, distribution, etc | London : |
| Name of publisher, distributor, etc | Heinemann, |
| Date of publication, distribution, etc | [1954]. |
| 300 ## - PHYSICAL DESCRIPTION | |
| Other physical details | illus. |
| Pagination | 148 p. : |
| Dimensions | 15 cm. |
| 490 0# - SERIES STATEMENT | |
| Series statement | Wide horizon reading scheme stage ; |
| Volume number/sequential designation | 2 |
| 650 #0 - SUBJECT ADDED ENTRY--TOPICAL TERM | |
| Topical term or geographic name as entry element | Readers and speakers. |
| 942 ## - ADDED ENTRY ELEMENTS (KOHA) | |
| Source of classification or shelving scheme | Dewey Decimal Classification |
| Koha item type | Books |
| Source of classification or shelving scheme | Damaged status | Not for loan | Home library | Current library | Shelving location | Total Checkouts | Full call number | Barcode | Date last seen | Copy number | Koha item type |
|---|---|---|---|---|---|---|---|---|---|---|---|
| Dewey Decimal Classification | JCC Rouf Library | JCC Rouf Library | General Stacks | 428.6 RID 1954 | 9225.1 | 02/17/2018 | C - 1 | Books |